Poesías completas /
Guardado en:
| Autor Principal: | |
|---|---|
| Formato: | Libro |
| Publicado: |
Buenos Aires :
Losada,
1961
|
| Materias: | |
| Etiquetas: |
Agregar Etiqueta
Sin Etiquetas, Sea el primero en etiquetar este registro!
|
| LEADER | 02104nam a22002055a 4500 | ||
|---|---|---|---|
| 001 | CEM.cems000383 | ||
| 005 | 20061027170953.0 | ||
| 008 | 130507s1961##################000#0#####d | ||
| 003 | CEMS | ||
| 082 | 0 | 4 | |a 861.6 |
| 100 | 1 | |a Alberti, Rafael | |
| 245 | 1 | 0 | |a Poesías completas / |c Rafael Alberti ; índice Autobiográfico y Bibliografía Por Horacio Jorge Becco |
| 260 | |a Buenos Aires : |b Losada, |c 1961 | ||
| 300 | |a 1190 p. | ||
| 505 | 0 | |a Marinero en tierra (1924) -- Tríduo de alba -- La amante (1925) -- Itinerario -- Dos estampidas reales (1925) -- El alba del alhelí (1925-1926) -- El blanco alhelí -- El negro alhelí -- El verde alhelí -- Cal y canto (1926-1927) -- Homenaje a Don Luis de Góngora y Argote -- Sobre los ángeles (1927-1928) -- Entrada -- Huésped de las nieblas -- Sermones y moradas (1929-1930) -- Yo era un tonto y lo que he visto me ha hecho dos tontos (1929) -- Con los zapatos puestos tengo que morir (1930) -- El poeta en la calle (1931-1935) -- Homenaje popular a Lope de Vega -- Verte y no verte (1934) -- Elegía -- De un momento a otro ( 1934-1939) -- La familia -- 13 bandas y 48 estrellas -- Puerto cabello -- Capital de la gloria (1936-1938) -- Como leales vasallos -- Final de plata amargo -- Pleamar (1942-1944) -- Aitana -- Arión -- Versos sueltos para una exposición -- Tirteo -- Invitación a un viaje sonoro -- A la pintura (1945-1952) -- Nuevos poemas -- Signos del día (1945-1955) -- Intermedio burlesco -- Poemas diversos (1945-1959) -- Poemas de Punta del Este (1945-1956) -- Pupila al viento -- El bosque y el mar -- Retorno de los vivo lejano (1948-1956) -- Retornos de amor -- Coplas de Juan Panadero (1949-1953) -- Buenos Aires en tinta china (1950) -- Ora maritima (1953) -- Baladas y canciones del Paraná (1953-1954) -- Baladas y canciones de la quinta del mayor loco -- Canciones -- Otras baladas y canciones -- La primavera de los pueblos (1955-1957) -- Sonrie China | |
| 653 | |a Literatura | ||
| 653 | |a Literatura | ||
| 653 | |a Poesía española-siglo 20 | ||
| 653 | |a Poesías | ||
| 859 | |a CEMS |b BIB. CEMS - 11 de abril |h 861.6 |i AL14 |p 8456.80 |t Ej.1 | ||
